Responses for show #616 - Monday, April 20, 1987

Contestants

[<< previous game]

Larry Dundas, a police officer from South Philadelphia, Pennsylvania

Chuck Doskow, an attorney and law professor from Claremont, California

Anne Hallerman, a nursery school teacher from Richmond, Virginia (whose 2-day cash winnings total $10,601)

[next game >>]

Jeopardy! Round responses

STARTS WITH "K"
VIRGINIA
CELEBRITY QUOTES
GEMS
MUSIC TRIVIA
DON'T TRY THIS AT HOME
(Alex: We are all experts here doing this, you should not attempt it.)
    $100 14
kebab

Chuck
    $100 1
(Larry: What is Montgomery?)

Richmond

AnneLarry
    $100 19
your age

Chuck
    $100 24
Tanzania

Chuck
    $100 6
"Dixie"

Chuck
    $100 11
(Anne: What is a lighter?)

his mouth

Anne
Triple Stumper
    $200 15
the kisser

Chuck
    $200 2
Republican

Larry
    $200 20
Paul McCartney

Anne
    $200 25
black

Larry
    $200 7
"Zip-a-Dee-Doo-Dah"

Chuck
    $200 12
coals

Anne
    $300 16
kidney

Chuck
    $300 3
University of Virginia

Larry
    $300 21
Phil Donahue

Larry
    $300 26
garnets

Triple Stumper
    $300 8
Carnegie Hall

Chuck
    $300 13
(Alex: Something else you wouldn't want to try at home if you're a woman, growing [*] that goes down to your hips."

a beard

Triple Stumper
    $400 17
kelly

Anne
    $400 4
Williamsburg

Chuck
    $400 22
Betty Grable

Larry
    $400 27
(Alex: Like [*] in the sky, right.)

a diamond

Anne
    $400 9
Harry Belafonte

Anne
    $400 29
polishing

Anne
    $500 18
Klinker

Larry
    $500 5
ponies

Anne
    $500 23
Garbo

Larry
    $500 28
The Emerald Isle

Anne
    $500 10
mushrooms

Anne
    $500 30
tattoos

Anne

Scores at the first commercial break (after clue 12):

Anne Chuck Larry
$1,600 $1,000 $400

Scores at the end of the Jeopardy! Round:

Anne Chuck Larry
$4,000 $1,800 $2,300

Double Jeopardy! Round responses

ROMAN EMPERORS
MARINE BIOLOGY
WORD ORIGINS
MOUNTAINS
HERALDRY
LITERARY CANNIBALS
    $200 4
Pupienus Maximus

Anne
    $200 21
Reproduce (spawn)

Anne
    $200 1
leprechauns

Anne
    $200 11
Russia

Larry
    $200 22
Richard III

Larry
    $200 16
Snow White

Larry
    $400 3
married her

Larry
    $400 24
color

Chuck
    $400 2
doughboy

Larry
    $400 12
Mount Fuji

Larry
    $400 23
(Anne: What is left?)

(Larry: What is the right?)
(Anne: I see, I understand.)
...
(Alex: Both of you misunderstood the clue. "This category is on its far 'sinister' side." The category: [*].)

Literary Cannibals

AnneLarry
Triple Stumper
    $400 17
Raymond Chandler

Larry
    $600 8
marble

Anne
    $600 25
500 million

Larry
    $600 5
a sybarite

Triple Stumper
    $1,000 13
Monticello

Larry
    $600 26
wounding

Triple Stumper
    $600 18
Jonathan Swift

Anne
    $800 9
Nero

Larry
    $800 29
(Larry: What is the bladder?)

liver

Larry
Triple Stumper
    $1,500 6
(Anne: [*] What is [*]?)
(Alex: Ohh, you got it. Nice going.)

negligee

Anne
    $800 14
(Anne: Who is Geppetto?)

Stromboli

AnneLarry
    $800 27
red

Triple Stumper
    $800 19
Mary McCarthy

Anne
    $1000 10
Claudius

Larry
    $1000 7
leotard

Larry
    $1000 15
(Chuck: What is Newfoundland?)
(Anne: What is Nova Scotia?)

Quebec

AnneChuck
Triple Stumper
    $1000 28
motto (slogan)

Anne
    $1000 20
Suddenly Last Summer

Larry

Scores at the end of the Double Jeopardy! Round:

Anne Chuck Larry
$6,900 $1,200 $9,500

[wagering suggestions for these scores]

Final Jeopardy! Round responses

1978
ChuckWhat is three?
$1,200
AnneWhat is 3?
$6,900
LarryWhat is 3
$4,500
three

Final scores:

Anne Chuck Larry
$13,800 $2,400 $14,000
2nd place: a White Westinghouse refrigerator/freezer + Donvier ice cream makers 3rd place: an Oneida crystal gift certificate New champion: $14,000

Game dynamics:

Coryat scores:

Anne Chuck Larry
$6,200 $1,200 $9,100
19 R
(including 2 DDs),
4 W
10 R,
1 W
21 R
(including 1 DD),
3 W

Combined Coryat: $16,500

The J! Archive is created by fans, for fans. The Jeopardy! game show and all elements thereof, including but not limited to copyright and trademark thereto, are the property of Jeopardy Productions, Inc. and are protected under law. This website is not affiliated with, sponsored by, or operated by Jeopardy Productions, Inc. Join the discussion at JBoard.tv.